000 00976cam a22003011 4500
001 14004
003 BD-RjUL
005 20211208235544.0
008 140203s1966 nyua b 001 0 eng
035 _a(BD-RjUL)14056
040 _aDLC
_cDLC
_dBD-RjUL
_beng
041 _aeng
082 0 0 _a632.7
_bDAI 1966
100 1 _aPeairs, Leonard Marion,
_d1886-
_943775
245 1 0 _aInsect pests of farm, garden, and orchard /
_cRalph Howard Davidson and Leonard Marion Peairs.
250 _a6th ed.
260 _aNew York :
_bWiley,
_cc1966.
300 _aix, 675 p. :
_billus. ;
_c24 cm.
500 _aAuthors' names in reverse order in previous edition.
504 _aIncludes bibliographies and index.
650 0 _aInsect pests.
_943776
650 0 _aInsect pests
_zNorth America.
_943777
650 0 _aInsect pests
_xControl.
_938483
700 1 _aDavidson, Ralph Howard,
_ejoint author.
_943778
942 _2ddc
_cBK
999 _c14004
_d14004